Statistiques concernant CHANSONS DE MERDE DE POESIE ZERO

Cliquez ici pour prendre le quiz!

Statistiques générales

  • Ce quiz a été pris 2 fois
  • Le résultat moyen est 16 sur 106

Statistiques - réponses

AlbumRéponse% Correct
COUPE DU MONDE DE POGO
100%
C4EST LA FËTE
50%
ALBUM BLEU 3C4EST NOUS LES PUNKS
50%
C4EST VRAIMENT DE LA DROGUE
50%
COCKTAIL MOLOTOV
50%
DANS LE CANIVEAU
50%
GAFFE AUX CANETTES
50%
IL Y A DES FLICS PARTOUT
50%
INVINCIBLE
50%
JE ME CASSE
50%
JE VEUX CREVER
50%
POESIE ZEROL4ANARCHIE
50%
LALBUMBLEUL4HYMNE DU PUNK
50%
LA MEME
50%
La oï de nos campagnes
50%
LA TROMPETTE DU PROL2TARIAT
50%
LES AMI;ES DE MERDE
50%
OLALA IL FAIT CHAUD
50%
PARASITE
50%
PAS BESOIN D4ARBITRE
50%
SAC POUBELLE
50%
SEUL.E
50%
TECHNOFLIC
50%
TON PAYS C4EST DE LA MERDE
50%
TOUT 9A BRULE TR7S BIEN
50%
TOUT EST POURRI
50%
ALBUMBLEUTRUCS DE SALES NAZIS DE MERDE
50%
TU VAS QUITTER TON TAF
50%
Va niquer ta mère
50%
VOTER AVEC UN PAV2
50%
VRAI POGO
50%
Americain
0%
À petits coups de couteau
0%
AVOIR 0 BALLE DE THUNE
0%
BACK BLOCK DANS LE CLUB
0%
Barricades Rebelles
0%
Bien de la merde
0%
Boomer S
0%
Bruler Ta Voiture
0%
CASSER DES TRUCS
0%
CENTRE COMMERCIAL
0%
C'est cool
0%
Chabd.com
0%
Champions
0%
Chanson D'amour
0%
CHAR D4ASSAUT
0%
CHIMIE CHIMIE CHIMIE
0%
CHÖMAGE POUR TOUS
0%
Coca Cola
0%
L'album bleuConstamment sous c
0%
CRS
0%
Boulot
0%
Bonne Attitude
Intro
0%
Etre chanceux
0%
F2D2RATION INTERNATIONALE DE POESIE ZERO
0%
Facebook
0%
FLINGUE DROGUE THUNE
0%
Guerre-éclair Bop
0%
Hip-hop
0%
HOOLIGAN
0%
IL FAUT VOLER
0%
Jamais le temps de rien faire
0%
Joyeux Anniversaire
0%
La bourgeoisie
0%
La crise du disque
0%
LA FLEMME
0%
LE CHAOS
0%
Le dimanche
0%
LE POGNON
0%
Le pogo, c'est moi
0%
LES PAUVRES MERDES QUI VEULENT QUE TU TRAVAILLES
0%
Métro. Boulot. Dodo.
0%
Musique de droite
0%
MUSIQUE DE PUB DE MERDE
0%
My Rock
0%
Nadine
0%
Nicolas
0%
Non C'est Pas Le Fait...
0%
Non mais oh, c'est pas bientôt fini
0%
NOTER DES TRUCS
0%
L'Album BleuOi Génération
0%
OI oi oi oi oi oi
0%
Parano
0%
PAS QUE 9A 0 FOUTRE
0%
Petit Con
0%
PHOTOGRAPHE DE CONCERT
0%
PLUS PERSONNE N42COUTE DE SKA
0%
Policier
0%
Punk
0%
Punk acoustique
0%
Putain qu'est ce que ça peut bien me faire chier
0%
QU4EST CE QUI PEUT BIEN T4ARRIVER ?
0%
QUAND TU ME PARLES JE T42COUTES PAS
0%
ALBUM BLEU IIIR2VOLUTION
0%
RIEN 0 BATTRE
0%
ROCK N FOLK
0%
Rock One
0%
Sous-Terrain
0%
STOPSTICK ET SIG SAUER
0%
STRESS
0%
T4AS RIEN COMPRIS AU PUNK
0%
TOUJOURS OI
0%
TOUT EST D2PRIMANT
0%
Transport en commun
0%
TRAVAILLER
0%
Vice.com
0%

Distribution des résultats

Percentile par nombre de réponses

% des personnes avec chaque résultat

Votre développement - résultats

Vous n’avez pas pris ce quiz